| 000 | 00805nam a2200217 i 4500 | ||
|---|---|---|---|
| 001 | 59798 | ||
| 003 | ES-MaACL | ||
| 005 | 20250727062557.0 | ||
| 007 | t| | ||
| 008 | 031030s1968 sp ||||1| spa d | ||
| 080 | _a330.84/.85 | ||
| 100 | 1 |
_aEngels, Friedrich. _947225 |
|
| 245 | 1 | 0 |
_aAnti-Dühring, o la revolución de la ciencia de Eugenio Dühring : _b(introducción al estudio del socialismo) / _cFederico Engels ; traducción de José Verdes Montenegro y Montoro. |
| 260 |
_a[Madrid : _bCiencia Nueva, _c1968] |
||
| 300 |
_a357 p. ; _c18 cm. |
||
| 600 | 1 | 4 |
_aDühring, Eugen Karl- _xCrítica e interpretación. _945948 |
| 650 | 7 |
_aSocialismo _2embne _917147 |
|
| 700 | 1 |
_aVerdes Montenegro y Montoro, José, _d1865-1939 _9114027 |
|
| 852 | 4 |
_aES-MaACL _jC-37069 |
|
| 999 |
_c59798 _d59798 |
||